| 000 | 01300nam a22002897a 4500 | ||
|---|---|---|---|
| 003 | EG-BUE | ||
| 005 | 20221026111914.0 | ||
| 008 | 110824s1974 ua a f b 000 0 ara d | ||
| 040 |
_aEG-BUE _bara _erda _cEG-BUE _dEG-BUE |
||
| 043 | _af-ua--- | ||
| 082 | 0 | 4 |
_a745.0917671 _bم ر ز _222 |
| 100 | 1 |
_926902 _aمرزوق، محمد عبد العزيز، _d1904-1976، _eمؤلف. |
|
| 245 | 1 | 2 |
_aالفنون الزخرفية الاسلامية : _bفي مصر قبل الفاطميين / _cبقلم الدكتور محمد عبد العزيز مرزوق، أستاذ الفنون الزخرفية بكلية الآثار، جامعة القاهرة. |
| 250 | _aالطبعة الأولى. | ||
| 264 | 1 |
_aالقاهرة : _bمكتبة الأنجلو المصرية، _c1974. |
|
| 300 |
_a264 صفحة : _bإيضاحيات ؛ _c24 سم |
||
| 336 |
_2rdacontent _aنص _btxt |
||
| 337 |
_2rdamedia _aبدون وسيط _bn |
||
| 338 |
_2rdacarrier _aمجلد _bnc |
||
| 504 | _aيشتمل علي إرجاعات ببليوجرافية. | ||
| 650 | 7 |
_aالفن الإسلامي _zمصر. _2BUEsh |
|
| 650 | 7 |
_aالآثار الإسلامية _zمصر. _2BUEsh |
|
| 651 | 7 |
_aمصر _xتاريخ _zالعصر الإسلامي. _2BUEsh |
|
| 653 | _bART | ||
| 655 | _vReading book | ||
| 942 |
_2ddc _cBB |
||
| 999 |
_c15915 _d15915 |
||